Größte Inseln des Atlantiks - Statistiken

Allgemein
  • Dieses Quiz wurde 193 mal gespielt
  • Das Durchschnittsergebnis liegt bei 6 aus 20
Antwortstatistiken
Hint km² Antwort % Korrekt
Dänemark 2.130.800 Grönland
99%
- 84.420 Irland
84%
Vereinigtes Königreich 209.330 Großbritannien
78%
- 102.820 Island
75%
Kanada 108.860 Neufundland
68%
Argentinien, Chile 47.990 Feuerland
54%
Kanada 507.450 Baffin
42%
Spanien 2.030 Teneriffa
36%
USA 3.630 Long Island
16%
Kanada 5.620 Prince Edward
14%
Vereinigtes Königreich 3.520 Südgeorgien
11%
Dänemark (Grönland) 8.575 Disko
6%
Vereinigtes Königreich 6.605 Ostfalkland
6%
Vereinigtes Königreich 4.530 Westfalkland
6%
Äquatorialguinea 2.020 Bioko
5%
Kanada 7.940 Anticosti
4%
Kanada 10.311 Cape Breton
3%
Chile 2.470 Navarino
3%
Vereinigtes Königreich 2.180 Lewis and Harris
2%
Norwegen 2.205 Hinnoya
1%
Keine übereinstimmenden Quizze gefunden
Verteilung der Resultate
Anzahl Personen mit jedem Resultat
Perzentil nach korrekt beantworteten Fragen
Ihre Resultats-Entwicklung
Sie haben dieses Quiz noch nicht gespielt